Baby Penguin waddles / (Record no. 611)

MARC details
000 -LEADER
fixed length control field 01093nam a22003017a 4500
005 - DATE AND TIME OF LATEST TRANSACTION
control field 20240607095912.0
020 ## - INTERNATIONAL STANDARD BOOK NUMBER
International Standard Book Number 9781607276166
020 ## - INTERNATIONAL STANDARD BOOK NUMBER
International Standard Book Number 160727616X
040 ## - CATALOGING SOURCE
Original cataloging agency BTCTA
Language of cataloging eng
Transcribing agency BTCTA
Modifying agency ZQP
-- B2A
-- DLC
050 00 - LIBRARY OF CONGRESS CALL NUMBER
Classification number QL696.S473
Item number G35 2011
082 04 - DEWEY DECIMAL CLASSIFICATION NUMBER
Classification number 598.47/139
Edition number 23
100 1# - MAIN ENTRY--PERSONAL NAME
Personal name Galvin, Laura Gates,
Dates associated with a name 1963-
245 10 - TITLE STATEMENT
Title Baby Penguin waddles /
Statement of responsibility, etc. [by Laura Gates Galvin].
260 ## - PUBLICATION, DISTRIBUTION, ETC.
Place of publication, distribution, etc. Norwalk, Conn. :
Name of publisher, distributor, etc. Soundprints,
Date of publication, distribution, etc. 2011.
300 ## - PHYSICAL DESCRIPTION
Extent 16 unnumbered pages :
Other physical details color illustrations ;
Dimensions 19 cm.
490 0# - SERIES STATEMENT
Series statement Baby animals
500 ## - GENERAL NOTE
General note Title from cover.
500 ## - GENERAL NOTE
General note On board pages.
500 ## - GENERAL NOTE
General note "Smithsonian Institution"--Cover.
505 ## - FORMATTED CONTENTS NOTE
Formatted contents note D <br/>
520 ## - SUMMARY, ETC.
Summary, etc. Casebound board books with easy to download e-book and activities. Followed Baby Penguin as he slips, slides and waddles across the snow. There, lots of fun in store for Baby Penguin and his friends!
521 ## - TARGET AUDIENCE NOTE
Target audience note 230 <br/>
Source Lexile <br/>
521 ## - TARGET AUDIENCE NOTE
Target audience note D <br/>
Source Raz-Plus <br/>
650 #0 - SUBJECT ADDED ENTRY--TOPICAL TERM
Topical term or geographic name entry element Penguins
General subdivision Infancy
Form subdivision Juvenile literature.
906 ## - LOCAL DATA ELEMENT F, LDF (RLIN)
a 7
b cbc
c copycat
d 2
e ncip
f 20
g y-gencatlg
942 ## - ADDED ENTRY ELEMENTS (KOHA)
Source of classification or shelving scheme Dewey Decimal Classification
Koha item type Books
Suppress in OPAC No
999 ## -
-- 611
-- 611
Holdings
Withdrawn status Lost status Source of classification or shelving scheme Damaged status Not for loan Collection Home library Current library Shelving location Date acquired Total Checkouts Full call number Barcode Date due Date last seen Date last checked out Copy number Price effective from Koha item type
    Dewey Decimal Classification     Non-Fiction Footprints International School Library Network Toul Kork Campus Footprints International School Library Network Toul Kork Campus TK Primary Library Room(4th Floor), Bookcase 7, Shelves 57-60, Dark Green Books 06/26/2023 6 Gal QL696.S473 2023-0112 03/26/2026 03/12/2026 03/12/2026 1 06/26/2023 Books
    Dewey Decimal Classification     Non-Fiction Footprints International School Library Network Toul Kork Campus Footprints International School Library Network Toul Kork Campus TK Primary Library Room(4th Floor), Bookcase 7, Shelves 57-60, Dark Green Books 06/26/2023 2 Gal QL696.S473 FISTK02689   04/02/2025 02/04/2025 2 06/26/2023 Books